Library Banner

Dua e Jamilah/ (Record no. 95975)

MARC details
000 -LEADER
fixed length control field 00339nam a22001337a 4500
005 - DATE AND TIME OF LATEST TRANSACTION
control field 20170731112727.0
008 - FIXED-LENGTH DATA ELEMENTS--GENERAL INFORMATION
fixed length control field 170731b xxu||||| |||| 00| 0 eng d
040 ## - CATALOGING SOURCE
Transcribing agency PK-LaUMT
082 ## - DEWEY DECIMAL CLASSIFICATION NUMBER
Classification number ZIAC 297
Item number DUA-
245 ## - TITLE STATEMENT
Title Dua e Jamilah/
260 ## - PUBLICATION, DISTRIBUTION, ETC. (IMPRINT)
Place of publication, distribution, etc دیلی:
Name of publisher, distributor, etc کتب خانہ اشاعت الاسلام،
Date of publication, distribution, etc ] [
300 ## - PHYSICAL DESCRIPTION
Extent [ ]
942 ## - ADDED ENTRY ELEMENTS (KOHA)
Koha item type Books
Holdings
Withdrawn status Lost status Damaged status Home library Current library Date acquired Full call number Barcode Date last seen Price effective from Koha item type
      UMT Main Campus UMT Main Campus 2017-07-31 ZIAC 297 DUA- 111616 2017-07-31 2017-07-31 Books